| 000 | 00706nam a2200241 a 4500 | ||
|---|---|---|---|
| 999 |
_c8439 _d8439 |
||
| 001 | 8439 | ||
| 003 | BD-JhCC | ||
| 005 | 20180224175453.0 | ||
| 008 | 180224s1961 pk |||| |||| 000 0 eng d | ||
| 035 | _a(BD-JhCC)8439 | ||
| 040 |
_aBD-JhCC _dBD-JhCC |
||
| 041 | _aeng | ||
| 082 |
_a820.4 _bSPE 1961 |
||
| 100 | _aSpencer , D. H. | ||
| 245 |
_aIntermediate English : _bBook One / _cD. H. Spencer & A S Hornby |
||
| 260 |
_aLahore : _bOxpord University Press [Pakistan Branch], _c1961. |
||
| 300 |
_aviii, 232 p. : _c18 cm. |
||
| 500 | _aAdopted from An Intermediate English Course from abult Learners. | ||
| 650 | _a English Literature | ||
| 700 | _aHornby, A S | ||
| 942 |
_2ddc _cBK |
||